Early India : From Prehistory to The Age of The Mauryas (Record no. 45395)

MARC details
000 -LEADER
fixed length control field 00478nam a2200181Ia 4500
008 - FIXED-LENGTH DATA ELEMENTS--GENERAL INFORMATION
fixed length control field 220531s9999 xx 000 0 und d
041 ## - LANGUAGE CODE
Language code of text/sound track or separate title eng
082 ## - DEWEY DECIMAL CLASSIFICATION NUMBER
Item number EAR / KUL
100 ## - MAIN ENTRY--PERSONAL NAME
Personal name Kulkarni, Rupali
9 (RLIN) 82301
245 ## - TITLE STATEMENT
Title Early India : From Prehistory to The Age of The Mauryas
250 ## - EDITION STATEMENT
Edition statement 1ST
260 ## - PUBLICATION, DISTRIBUTION, ETC. (IMPRINT)
Place of publication, distribution, etc. Pune
Name of publisher, distributor, etc. Nirali
Date of publication, distribution, etc. 2019
300 ## - PHYSICAL DESCRIPTION
Extent 4.26
542 ## - INFORMATION RELATING TO COPYRIGHT STATUS
Copyright holder 10-10-2019
650 ## - SUBJECT ADDED ENTRY--TOPICAL TERM
Topical term or geographic name as entry element History
9 (RLIN) 82302
906 ## - LOCAL DATA ELEMENT F, LDF (RLIN)
c F.Y.B.A.
d 2019-2020
f 17792
Holdings
Withdrawn status Lost status Damaged status Not for loan Collection code Home library Current library Date acquired Vendor Cost, normal purchase price Total Checkouts Total Holds Full call number Barcode Date last seen Cost, replacement price Bill Date Koha item type Original Barcode
          Shri Siddhivinayak Mahila Mahavidyalaya Shri Siddhivinayak Mahila Mahavidyalaya 10/10/2019 Nirali 55.00   5 /EAR/KUL/B/22595 SSMM-BK-22595 06/08/2022 55.00 06/08/2022 Books 10022595